Najludniejsze dzielnice Gdańska - Statystyki

Ogólne statystyki
  • Ten quiz został rozwiązany 12 razy
  • Średni wynik to 7 z 10
Statystyki odpowiedzi
Lp. l. ludności Odpowedź % Poprawnych
7 22 395 Śródmieście
91%
5 24 489 Orunia Górna-Gdańsk Południe
82%
8 20 953 Wrzeszcz Dolny
82%
9 20 105 Wrzeszcz Górny
82%
1 29 970 Chełm
73%
4 26 192 Jasień
73%
6 23 231 Przymorze Wielkie
73%
3 29 261 Ujeścisko-Łostowice
73%
2 29 267 Piecki-Migowo
64%
10 16 305 Osowa
45%
Nie znaleziono quizów pasujących do podanych kryteriów
Rozkład punktacji
Procent ludzi z każdym wynikiem
Percentyl według liczby udzielonych odpowiedzi
Twoja historia wyników
Nie rozwiązałeś tego quizu